| 000 | 01161cam a22003497a 4500 | ||
|---|---|---|---|
| 003 | CHAP | ||
| 005 | 20220329133353.0 | ||
| 008 | 971013s1992 r 00010 d | ||
| 010 | _a5580 | ||
| 011 | _a6552 | ||
| 035 | _a5772 | ||
| 040 | _cCHAP | ||
| 090 | _aTesis | ||
| 100 | 0 | 0 |
_aPérez Manzanares, Uriel. _989824 |
| 245 | 1 | 3 |
_aLa ganadería bovina en el municipio de Macuspana, Tabasco _b: estudio a base de encuesta, 1980 |
| 260 |
_aChapingo, Méx. : _bEl Autor, _c1992 |
||
| 300 | _a92 h. | ||
| 500 | _a58-119 | ||
| 502 | _aTesis (Ing. Agr. Esp. en Zootecnia) -- UACH. Departamento de Zootecnia | ||
| 590 |
_aALEPH _b10 _c20130110 _lUCH01 _h1216 |
||
| 590 |
_aBATCH-UPD _b10 _c20130110 _lUCH01 _h1311 |
||
| 590 |
_aBATCH-UPD _b10 _c20130410 _lUCH01 _h0825 |
||
| 590 |
_aBATCH-UPD _b10 _c20130914 _lUCH01 _h1525 |
||
| 590 |
_aCONVERSION _b10 _c20130109 _lUCH01 _h1304 |
||
| 650 | 1 | 4 |
_aGanado vacuno _xProducción. _945506 |
| 650 | 1 | 4 |
_aGanado vacuno _xTrópicos. _945522 |
| 650 | 1 | 4 |
_aGanado vacuno _zTabasco. _945533 |
| 901 | _aBK | ||
| 942 | _cFOLL | ||
| 949 |
_bBC _cTES _d-15367 _eTS1 _h24787 _i5772 _si |
||
| 949 |
_bBC _cTES _d-75664 _eTS2 _fc.2 _h24788 _i5772 _si |
||
| 999 |
_c5580 _d5580 |
||